书目信息 |
| 题名: |
交流电机及整流设备
|
|
| 作者: | 黄焕昆 编译 | |
| 分册: | 上册 | |
| 出版信息: | 北京 商务印书馆 1954 |
|
| 页数: | 162页 | |
| 开本: | 20cm | |
| 丛书名: | ||
| 单 册: | ||
| 中图分类: | TM34 | |
| 科图分类: | ||
| 主题词: | 交流电机 | |
| 电子资源: | ||
| ISBN: | ||
| 000 | 00589nam0 2200205 450 | |
| 001 | 0637609655 | |
| 005 | 20060525103024.37 | |
| 010 | @dCNY12.00(全2册) | |
| 100 | @a20060525d1954 km y0chiy0120 ea | |
| 101 | 0 | @achi |
| 102 | @aCN@b110000 | |
| 102 | @aCN@b110000 | |
| 200 | 1 | @a交流电机及整流设备@Ajiao liu dian ji ji zheng liu she bei@h上册@f黄焕昆等编译@Fhuang huan kun deng bian yi |
| 210 | @a北京@c商务印书馆@d1954 | |
| 215 | @a162页@d20cm | |
| 606 | 0 | @a交流电机 |
| 690 | @aTM34@v3 | |
| 701 | 0 | @a黄焕昆@Ahuang huan kun@4编译 |
| 801 | 0 | @aCN@bPFT@c20060525 |
| 905 | @a10447@dTM34@e9:1 | |
| 交流电机及整流设备.上册/黄焕昆等编译.-北京:商务印书馆,1954 |
| 162页;20cm |
| ISBN :CNY12.00(全2册) |
| ● |
| 相关链接 |
|
|
|
|
正题名:交流电机及整流设备
索取号:TM34/9:1
 
预约/预借
| 序号 | 登录号 | 条形码 | 馆藏地/架位号 | 状态 | 备注 |
| 1 | 0015886 | 202384053 | 密集书库/ [索取号:TM34/9:1] | 在馆 |